[Event "Benidorm Bali op-B 20th"]
[Site "Benidorm"]
[Date "2023.12.03"]
[Round "3"]
[White "Talledo Lagos, Cesar Frank"]
[Black "Ferreruela Romero, Jose Joaquin"]
[Result "1-0"]
[WhiteElo "1993"]
[BlackElo "1877"]
[PlyCount "57"]
[EventDate "2023.12.01"]
[EventType "swiss"]
[EventRounds "9"]
[EventCountry "ESP"]
[SourceTitle "CBM 217 Extra"]
[Source "ChessBase"]
[SourceDate "2024.01.31"]
[SourceVersion "1"]
[SourceVersionDate "2024.01.31"]
[SourceQuality "1"]

1. Nf3 f5 2. d4 Nf6 3. Bf4 g6 4. e3 Bg7 5. h4 d6 6. h5 Nxh5 7. Rxh5 gxh5 8. Ng5 0-0 9. Qxh5 h6 10. Nf3 Qe8 11. Qh2 Qg6 12. Nc3 e6 13. 0-0-0 a6 14. Bd3 Nc6 15. a3 Qf6 16. Rg1 b5 17. g4 e5 18. g5 hxg5 19. Bxg5 Qe6 20. d5 Qe8 21. Bh6 Rf7 22. Ng5 Re7 23. dxc6 Qxc6 24. e4 d5 25. Bxg7 Rxg7 26. Rh1 Kf8 27. Rg1 dxe4 28. Qh8+ Rg8 29. Nh7+ 1-0

[Event "Aragon-chT Preferente Gr II"]
[Site "Aragon"]
[Date "2023.02.04"]
[Round "2.70"]
[White "Requena Munguira, Jorge"]
[Black "Ferreruela Romero, Jose Joaquin"]
[Result "1-0"]
[WhiteElo "1888"]
[BlackElo "1874"]
[PlyCount "41"]
[EventDate "2023.01.28"]
[EventType "team-tourn"]
[EventRounds "9"]
[EventCountry "ESP"]
[SourceTitle "EXT 2024"]
[Source "ChessBase"]
[SourceDate "2023.10.10"]
[SourceVersion "1"]
[SourceVersionDate "2023.10.10"]
[SourceQuality "1"]
[WhiteTeam "El Olivar II"]
[BlackTeam "San Jose"]
[WhiteTeamCountry "ESP"]
[BlackTeamCountry "ESP"]

1. d4 Nf6 2. c4 e6 3. Nc3 Bb4 4. Qc2 0-0 5. Nf3 d5 6. Bg5 h6 7. Bh4 g5 8. Bg3 Ne4 9. e3 Re8 10. Bd3 Nxg3 11. hxg3 dxc4 12. Bxc4 Bf8 13. 0-0-0 c6 14. Rh5 Bg7 15. Rdh1 Nd7 16. Rxh6 Bxh6 17. Rxh6 Nf8 18. Ne4 Kg7 19. Nexg5 Ng6 20. Rh7+ Kg8 21. Rxf7 1-0

[Event "Aragon-chT Preferente Gr II"]
[Site "Aragon"]
[Date "2022.03.12"]
[Round "7.62"]
[White "Iglesias Fernandez, Luis"]
[Black "Ferreruela Romero, Jose Joaquin"]
[Result "0-1"]
[WhiteElo "1856"]
[BlackElo "2007"]
[PlyCount "127"]
[EventDate "2022.01.29"]
[EventType "team-tourn"]
[EventRounds "9"]
[EventCountry "ESP"]
[SourceTitle "EXT 2024"]
[Source "ChessBase"]
[SourceDate "2023.10.10"]
[SourceVersion "1"]
[SourceVersionDate "2023.10.10"]
[SourceQuality "1"]
[WhiteTeam "Palacio de Pioneros III"]
[BlackTeam "San Jose"]
[WhiteTeamCountry "ESP"]
[BlackTeamCountry "ESP"]

1. d4 e6 2. Nf3 f5 3. Nc3 Nf6 4. Bg5 Bb4 5. a3 Bxc3+ 6. bxc3 b6 7. g3 Bb7 8. Bg2 0-0 9. 0-0 d6 10. c4 Nbd7 11. c3 Qe8 12. Re1 Qh5 13. Bxf6 Nxf6 14. Nd2 Bxg2 15. Kxg2 Qf7 16. Nf3 Ne4 17. Qd3 Rae8 18. Ng1 e5 19. f3 Ng5 20. d5 Qf6 21. a4 a5 22. Nh3 Nf7 23. e4 g6 24. Qd2 Kg7 25. Rf1 h6 26. g4 f4 27. Nf2 Nd8 28. Nd3 Nb7 29. Rh1 h5 30. gxh5 gxh5 31. Rag1 Kf7 32. Kf1 Rg8 33. Rxg8 Rxg8 34. Rg1 Rxg1+ 35. Kxg1 Qg5+ 36. Qg2 Kf6 37. Kf2 Qxg2+ 38. Kxg2 Kg5 39. h3 Kh4 40. Kh2 Nd8 41. Ne1 Nb7 42. Nd3 Kg5 43. Kg2 Kf6 44. Kf2 Ke7 45. Ke2 Kd7 46. Kd2 c6 47. Kc2 Nd8 48. Nc1 Kc8 49. Kb3 Kd7 50. Kc2 Kc7 51. Kd2 Nf7 52. Ne2 Nh8 53. Kc2 Ng6 54. Ng1 Nh4 55. Kd3 Ng2 56. Kd2 Ne3 57. Kd3 Kd7 58. Ne2 Nd1 59. Kc2 Ne3+ 60. Kd3 Ke7 61. Ng1 Kf6 62. Ne2 c5 63. h4 Ng2 64. Nc1 0-1

[Event "Aragon-chT Preferente Gr II"]
[Site "Aragon"]
[Date "2022.02.12"]
[Round "3.58"]
[White "Ferreruela Romero, Jose Joaquin"]
[Black "Garcia Mendez, Beatriz"]
[Result "1-0"]
[WhiteElo "2007"]
[BlackElo "1692"]
[PlyCount "81"]
[EventDate "2022.01.29"]
[EventType "team-tourn"]
[EventRounds "9"]
[EventCountry "ESP"]
[SourceTitle "EXT 2024"]
[Source "ChessBase"]
[SourceDate "2023.10.10"]
[SourceVersion "1"]
[SourceVersionDate "2023.10.10"]
[SourceQuality "1"]
[WhiteTeam "San Jose"]
[BlackTeam "Marcos Frechin II"]
[WhiteTeamCountry "ESP"]
[BlackTeamCountry "ESP"]

1. d4 Nf6 2. c4 g6 3. Nc3 Bg7 4. e4 d6 5. Be2 0-0 6. Nf3 e5 7. d5 Nbd7 8. Bg5 h6 9. Bh4 g5 10. Bg3 Nc5 11. Nd2 a5 12. h3 Ne8 13. Nb3 Nxb3 14. axb3 f5 15. exf5 Bxf5 16. Bg4 Qf6 17. 0-0 Qg6 18. Bxf5 Qxf5 19. b4 b6 20. bxa5 Rxa5 21. Rxa5 bxa5 22. Qe2 Nf6 23. Ra1 h5 24. f3 g4 25. fxg4 hxg4 26. Rf1 Qg6 27. h4 e4 28. Be1 Ra8 29. Nb5 Qf7 30. Bc3 g3 31. Qe3 Qg6 32. Nxc7 Ng4 33. Qg5 Qxg5 34. hxg5 Bxc3 35. bxc3 Rc8 36. Ne6 Nf2 37. c5 e3 38. cxd6 Nd3 39. d7 Rd8 40. Nxd8 e2 41. Ne6 1-0

[Event "Aragon-chT Honor Descenso"]
[Site "Aragon"]
[Date "2019.03.23"]
[Round "9.23"]
[White "Ferreruela Romero, Jose Joaquin"]
[Black "Gella Lopez, Angel"]
[Result "1-0"]
[WhiteElo "2033"]
[BlackElo "2100"]
[PlyCount "47"]
[EventDate "2019.03.16"]
[EventType "team-tourn"]
[EventRounds "10"]
[EventCountry "ESP"]
[SourceTitle "EXT 2020"]
[Source "ChessBase"]
[SourceDate "2019.10.17"]
[SourceVersion "1"]
[SourceVersionDate "2019.10.17"]
[SourceQuality "1"]
[WhiteTeam "San Jose"]
[BlackTeam "Huesca Club Atletismo"]
[WhiteTeamCountry "ESP"]
[BlackTeamCountry "ESP"]

1. d4 d5 2. c4 e6 3. Nf3 Nf6 4. g3 Bb4+ 5. Bd2 Be7 6. Bg2 0-0 7. 0-0 dxc4 8. Qc2 a6 9. a4 c5 10. dxc5 Bxc5 11. Na3 Nc6 12. Nxc4 Qe7 13. a5 Rd8 14. Rac1 Bb4 15. Nb6 Rb8 16. Bf4 Bd6 17. Bxd6 Rxd6 18. Ne5 Na7 19. Qc5 Qd8 20. Nec4 Nb5 21. Nxd6 Qxd6 22. Qxc8+ Qf8 23. Qxf8+ Kxf8 24. Rfd1 1-0

[Event "Aragon-chT Honor Gr-B"]
[Site "Aragon"]
[Date "2019.02.09"]
[Round "3.10"]
[White "Laliena Solanes, Luis M"]
[Black "Ferreruela Romero, Jose Joaquin"]
[Result "1/2-1/2"]
[WhiteElo "2177"]
[BlackElo "2033"]
[PlyCount "56"]
[EventDate "2019.01.26"]
[EventType "team-tourn"]
[EventRounds "7"]
[EventCountry "ESP"]
[SourceTitle "EXT 2020"]
[Source "ChessBase"]
[SourceDate "2019.10.17"]
[SourceVersion "1"]
[SourceVersionDate "2019.10.17"]
[SourceQuality "1"]
[WhiteTeam "Aragon ONCE"]
[BlackTeam "San Jose"]
[WhiteTeamCountry "ESP"]
[BlackTeamCountry "ESP"]

1. e4 e6 2. d4 d5 3. Nc3 Nf6 4. Bg5 Be7 5. e5 Nfd7 6. h4 h6 7. Be3 c5 8. Qg4 g6 9. Nf3 a6 10. dxc5 Nc6 11. Qg3 Bxc5 12. Bxc5 Nxc5 13. 0-0-0 Qc7 14. Bd3 Nb4 15. Kb1 Bd7 16. Bxg6 Bb5 17. Qf4 Nxa2 18. Kxa2 fxg6 19. Qf6 Bc4+ 20. Kb1 Rg8 21. Na4 Nxa4 22. Qxe6+ Kf8 23. Rd4 Qf7 24. Qd6+ Ke8 25. Qb4 Bb5 26. b3 Nb6 27. Rf4 Qe7 28. Qd4 Qc7 1/2-1/2

[Event "Aragon-chT Preferente Gr I "]
[Site "Aragon"]
[Date "2018.03.17"]
[Round "8.51"]
[White "Ferreruela Romero, Jose Joaquin"]
[Black "Felez Casedas, Carlos"]
[Result "1-0"]
[WhiteElo "2021"]
[BlackElo "1998"]
[PlyCount "98"]
[EventDate "2018.01.27"]
[EventType "team-tourn"]
[EventRounds "9"]
[EventCountry "ESP"]
[SourceTitle "EXT 2019"]
[Source "ChessBase"]
[SourceDate "2018.10.10"]
[SourceVersion "1"]
[SourceVersionDate "2018.10.10"]
[SourceQuality "1"]
[WhiteTeam "San Jose"]
[BlackTeam "La Aurora Estadilla"]
[WhiteTeamCountry "ESP"]
[BlackTeamCountry "ESP"]

1. c4 e6 2. e4 d5 3. cxd5 exd5 4. exd5 Nf6 5. Bb5+ Bd7 6. Bc4 Bd6 7. Qe2+ Qe7 8. Qxe7+ Kxe7 9. Nc3 a6 10. a4 Re8 11. Nge2 Kf8 12. 0-0 Bf5 13. d3 Nbd7 14. Bg5 h6 15. Bxf6 Nxf6 16. Ng3 Bg6 17. Rfe1 Rxe1+ 18. Rxe1 Re8 19. Rxe8+ Kxe8 20. Nge4 Be5 21. Nc5 Bd4 22. Nxb7 Ng4 23. Nd1 Ne5 24. Bxa6 Nxd3 25. b3 Nb4 26. Bc4 Kd7 27. Ne3 Be4 28. Kf1 f5 29. g3 g5 30. Bb5+ Kc8 31. Na5 f4 32. gxf4 gxf4 33. Ng2 Nxd5 34. Bc4 f3 35. Ne1 Nb6 36. Be6+ Kd8 37. Nc4 Nxc4 38. Bxc4 Kd7 39. Bd3 Bd5 40. Bc4 Be4 41. Bd3 Bd5 42. Bc2 Be5 43. h3 Be6 44. h4 Bh3+ 45. Kg1 Be6 46. Nxf3 Bg4 47. Nh2 Be2 48. Bf5+ Kd6 49. Bg4 Bd3 1-0

[Event "Aragon-chT Preferente Gr I "]
[Site "Aragon"]
[Date "2018.03.10"]
[Round "7.36"]
[White "Fernandez Sierra, Pedro Jose"]
[Black "Ferreruela Romero, Jose Joaquin"]
[Result "0-1"]
[WhiteElo "1541"]
[BlackElo "2021"]
[PlyCount "88"]
[EventDate "2018.01.27"]
[EventType "team-tourn"]
[EventRounds "9"]
[EventCountry "ESP"]
[SourceTitle "EXT 2019"]
[Source "ChessBase"]
[SourceDate "2018.10.10"]
[SourceVersion "1"]
[SourceVersionDate "2018.10.10"]
[SourceQuality "1"]
[WhiteTeam "Actur Rey Fernando"]
[BlackTeam "San Jose"]
[WhiteTeamCountry "ESP"]
[BlackTeamCountry "ESP"]

1. e4 e6 2. d4 b6 3. Nf3 Bb7 4. Bd3 d6 5. 0-0 Nd7 6. Re1 Ne7 7. c4 Ng6 8. Nbd2 Be7 9. b3 0-0 10. Nf1 c5 11. d5 Bf6 12. Rb1 a5 13. Ng3 Re8 14. Nh5 exd5 15. Nxf6+ Nxf6 16. exd5 Rxe1+ 17. Qxe1 Qf8 18. Bb2 Re8 19. Qd2 Ng4 20. Bxg6 hxg6 21. Re1 Bc8 22. h3 Nf6 23. Ng5 Rxe1+ 24. Qxe1 Qe8 25. Kf1 Bf5 26. Qd2 Ne4 27. Nxe4 Qxe4 28. Qd1 Qb1 29. Qxb1 Bxb1 30. a3 Ba2 31. b4 Bxc4+ 32. Ke1 Bxd5 33. g3 f6 34. h4 Kf7 35. Bc3 axb4 36. axb4 Ke6 37. Kd2 Be4 38. Ke3 d5 39. bxc5 bxc5 40. Ba1 Bb1 41. Bb2 d4+ 42. Kd2 Kd5 43. Bc1 c4 44. Ba3 c3+ 0-1

[Event "Aragon-chT Preferente Gr I "]
[Site "Aragon"]
[Date "2018.01.27"]
[Round "1.47"]
[White "Ferreruela Romero, Jose Joaquin"]
[Black "Zubialde Ayala, Gonzalo"]
[Result "1-0"]
[WhiteElo "2021"]
[BlackElo "1777"]
[PlyCount "65"]
[EventDate "2018.01.27"]
[EventType "team-tourn"]
[EventRounds "9"]
[EventCountry "ESP"]
[SourceTitle "EXT 2019"]
[Source "ChessBase"]
[SourceDate "2018.10.10"]
[SourceVersion "1"]
[SourceVersionDate "2018.10.10"]
[SourceQuality "1"]
[WhiteTeam "San Jose"]
[BlackTeam "Agrupacion III"]
[WhiteTeamCountry "ESP"]
[BlackTeamCountry "ESP"]

1. b3 Nf6 2. Bb2 e6 3. Nf3 c5 4. c4 Nc6 5. g3 d5 6. cxd5 exd5 7. Bg2 Be7 8. 0-0 Be6 9. Re1 0-0 10. d4 Rc8 11. Nc3 Re8 12. Rc1 b6 13. Na4 Ne4 14. dxc5 bxc5 15. Nd2 Bg5 16. Nxe4 Bxc1 17. Nf6+ Kh8 18. Nxe8 Bxb2 19. Nxb2 Qxe8 20. Bxd5 Bxd5 21. Qxd5 Nb4 22. Qb7 Nxa2 23. Nc4 Qe6 24. Ra1 Nc3 25. Rxa7 Nxe2+ 26. Kg2 Nf4+ 27. Kf3 Nh3 28. Ra8 Qf5+ 29. Ke3 Qxf2+ 30. Kd3 Qf1+ 31. Kc2 Qe2+ 32. Nd2 Re8 33. Qc8 1-0

[Event "Aragon-chT Honor GrB"]
[Site "Aragon"]
[Date "2016.02.27"]
[Round "5.19"]
[White "Mimbela Lopez, Miguel Angel"]
[Black "Ferreruela Romero, Jose Joaquin"]
[Result "1/2-1/2"]
[WhiteElo "2149"]
[BlackElo "2000"]
[PlyCount "71"]
[EventDate "2016.01.30"]
[EventType "team-tourn"]
[EventRounds "7"]
[EventCountry "ESP"]
[SourceTitle "EXT 2018"]
[Source "ChessBase"]
[SourceDate "2017.10.13"]
[SourceVersion "1"]
[SourceVersionDate "2017.10.13"]
[SourceQuality "1"]
[WhiteTeam "Agrupacion"]
[BlackTeam "San Jose"]
[WhiteTeamCountry "ESP"]
[BlackTeamCountry "ESP"]

1. e4 e6 2. d4 d5 3. Nc3 dxe4 4. Nxe4 Nd7 5. Nf3 Ngf6 6. Nxf6+ Nxf6 7. Bd3 Be7 8. 0-0 0-0 9. Bg5 b6 10. Qe2 Bb7 11. c3 c5 12. dxc5 Bxc5 13. Rad1 Qc7 14. Bxf6 gxf6 15. Be4 Rfd8 16. Bxb7 Qxb7 17. Qc4 Rd7 18. Qf4 Be7 19. h4 Rad8 20. Rxd7 Qxd7 21. Qh6 Kh8 22. Qh5 Qe8 23. Nd4 Rd5 24. Qf3 f5 25. Re1 Qg8 26. Qf4 Bd6 27. Qh6 Qg6 28. Qxg6 hxg6 29. Nf3 b5 30. Kf1 Kg7 31. Ke2 Bc5 32. Rc1 Bb6 33. b3 e5 34. g3 e4 35. Ne1 Kf6 36. Nc2 1/2-1/2

[Event "Aragon-chT Honor GrB"]
[Site "Aragon"]
[Date "2016.01.30"]
[Round "1.20"]
[White "Ferreruela Romero, Jose Joaquin"]
[Black "Labena Bernal, Antonio"]
[Result "1-0"]
[WhiteElo "2000"]
[BlackElo "2109"]
[PlyCount "71"]
[EventDate "2016.01.30"]
[EventType "team-tourn"]
[EventRounds "7"]
[EventCountry "ESP"]
[SourceTitle "EXT 2018"]
[Source "ChessBase"]
[SourceDate "2017.10.13"]
[SourceVersion "1"]
[SourceVersionDate "2017.10.13"]
[SourceQuality "1"]
[WhiteTeam "San Jose"]
[BlackTeam "St Casablanca II"]
[WhiteTeamCountry "ESP"]
[BlackTeamCountry "ESP"]

1. d4 d5 2. c4 e6 3. Nc3 Nf6 4. Bg5 Be7 5. e3 h6 6. Bh4 0-0 7. Nf3 b6 8. cxd5 Nxd5 9. Bxe7 Qxe7 10. Nxd5 exd5 11. g3 a5 12. Rc1 Ra7 13. a3 Rd8 14. Qc2 Nd7 15. Be2 c5 16. 0-0 c4 17. a4 Ba6 18. Rfe1 Qb4 19. h4 Nf6 20. Ne5 Rc8 21. Bf3 Qd6 22. Qc3 Nd7 23. Bg4 Nf6 24. Bxc8 Ne4 25. Qa3 Qf6 26. Ng4 Qf3 27. Bxa6 Rxa6 28. Qe7 Qxg4 29. Qd8+ Kh7 30. Qxd5 b5 31. axb5 Rg6 32. h5 Rg5 33. Qxf7 Nd2 34. Kg2 Rxh5 35. Rh1 Rf5 36. Rxh6+ 1-0

[Event "Aragon-chT Honor GrA"]
[Site "Aragon"]
[Date "2015.03.07"]
[Round "7.1"]
[White "Ferreruela Romero, Jose Joaquin"]
[Black "Forcen Esteban, Daniel"]
[Result "0-1"]
[WhiteElo "2002"]
[BlackElo "2526"]
[PlyCount "54"]
[EventDate "2015.01.24"]
[EventType "team-tourn"]
[EventRounds "7"]
[EventCountry "ESP"]
[SourceTitle "EXT 2017"]
[Source "ChessBase"]
[SourceDate "2016.10.25"]
[SourceVersion "1"]
[SourceVersionDate "2016.10.25"]
[SourceQuality "1"]
[WhiteTeam "San Jose"]
[BlackTeam "Jaime Casas"]
[WhiteTeamCountry "ESP"]
[BlackTeamCountry "ESP"]

1. d4 Nf6 2. Nf3 g6 3. c3 Bg7 4. Bf4 0-0 5. h3 d6 6. Nbd2 Nfd7 7. e4 e5 8. dxe5 dxe5 9. Bg5 f6 10. Bc4+ Kh8 11. h4 fxg5 12. hxg5 Nc5 13. b4 Ne6 14. Qb3 Nxg5 15. 0-0-0 Nxf3 16. Nxf3 Qf6 17. Rh4 g5 18. Rh2 Bg4 19. Rdh1 h6 20. Nd2 Qxf2 21. Be6 Qg3 22. Bf5 Rf6 23. Qd5 Qxc3+ 24. Kb1 Qxb4+ 25. Nb3 Bxf5 26. Qd8+ Qf8 27. Rxh6+ Rxh6 0-1

[Event "Benidorm op U2000 12th"]
[Site "Benidorm"]
[Date "2013.11.30"]
[Round "2"]
[White "Ferreruela Romero, Jose Joaquin"]
[Black "Nazarov, Alexander"]
[Result "1-0"]
[WhiteElo "1993"]
[BlackElo "1873"]
[PlyCount "113"]
[EventDate "2013.11.29"]
[EventType "swiss"]
[EventRounds "10"]
[EventCountry "ESP"]
[SourceTitle "CBM 157 Extra"]
[Source "ChessBase"]
[SourceDate "2013.12.19"]
[SourceVersion "1"]
[SourceVersionDate "2013.12.19"]
[SourceQuality "1"]

1. c4 c5 2. Nc3 d6 3. g3 Bd7 4. Bg2 Bc6 5. e4 g6 6. Nge2 Bg7 7. d4 Nf6 8. 0-0 0-0 9. h3 e5 10. d5 Bd7 11. a3 Qc8 12. Kh2 a6 13. Qd3 Nh5 14. g4 Nf6 15. f4 Ne8 16. f5 f6 17. Be3 g5 18. b4 b6 19. Rab1 a5 20. bxc5 bxc5 21. Rb2 Na6 22. Rfb1 Nec7 23. Nb5 Ne8 24. Nec3 Nac7 25. Na4 Ra6 26. Nxc7 Nxc7 27. Nb6 Qd8 28. Nxd7 Qxd7 29. Rb7 Rc8 30. Qb3 Qe8 31. Bf3 Bf8 32. Bd1 a4 33. Qb2 Be7 34. Kg3 Kg7 35. Bf3 h6 36. h4 Qg8 37. hxg5 fxg5 38. Rh1 Qf7 39. Qh2 Qf6 40. Rhb1 Qf8 41. Qh1 Qe8 42. R1b2 Bf8 43. Qc1 Kf6 44. Qa1 Be7 45. Qa2 Bf8 46. Qb1 Be7 47. Be2 Bf8 48. Bxc5 dxc5 49. Rxc7 Bd6 50. Rcb7 Rc7 51. R2b5 Ra7 52. Rb8 Rc8 53. R8b6 Qe7 54. Qh1 Qf8 55. Qh5 Ke7 56. Qg6 Kd7 57. Qe6+ 1-0

[Event "Mislata op-A 47th"]
[Site "Mislata"]
[Date "2013.08.17"]
[Round "8"]
[White "Ferreruela Romero, Jose Joaquin"]
[Black "Ribes Peris, Alvaro"]
[Result "0-1"]
[WhiteElo "2022"]
[BlackElo "2109"]
[PlyCount "84"]
[EventDate "2013.08.12"]
[EventType "swiss"]
[EventRounds "9"]
[EventCountry "ESP"]
[SourceTitle "EXT 2024"]
[Source "ChessBase"]
[SourceDate "2023.10.10"]
[SourceVersion "1"]
[SourceVersionDate "2023.10.10"]
[SourceQuality "1"]

1. d4 d5 2. c4 e6 3. Nc3 Nf6 4. cxd5 exd5 5. Bg5 Be7 6. e3 b6 7. Bd3 Bb7 8. Nge2 Ne4 9. Bf4 0-0 10. Qc2 Re8 11. f3 Nxc3 12. bxc3 h6 13. e4 c5 14. e5 cxd4 15. cxd4 Bb4+ 16. Bd2 Nc6 17. 0-0 Qe7 18. Be3 Rac8 19. Qa4 a6 20. a3 b5 21. Qb3 Ba5 22. f4 Bb6 23. Qd1 b4 24. Bb1 bxa3 25. Rf3 Qb4 26. Qd3 g6 27. h3 Nxd4 28. Nxd4 Rc3 29. Qd2 Bxd4 30. Bxd4 Rc1+ 31. Qxc1 Qxd4+ 32. Kh2 Qxa1 33. Rxa3 Qd4 34. Rd3 Qb6 35. Qd1 Qc6 36. Ba2 Rd8 37. f5 g5 38. Qh5 Qc7 39. Qxh6 Qxe5+ 40. Rg3 f6 41. h4 Rd7 42. hxg5 Rh7 0-1

[Event "Mislata op-A 47th"]
[Site "Mislata"]
[Date "2013.08.15"]
[Round "6"]
[White "Ferreruela Romero, Jose Joaquin"]
[Black "Moreno Vicente, Jesus Miguel"]
[Result "1-0"]
[WhiteElo "2022"]
[BlackElo "1801"]
[PlyCount "53"]
[EventDate "2013.08.12"]
[EventType "swiss"]
[EventRounds "9"]
[EventCountry "ESP"]
[SourceTitle "EXT 2024"]
[Source "ChessBase"]
[SourceDate "2023.10.10"]
[SourceVersion "1"]
[SourceVersionDate "2023.10.10"]
[SourceQuality "1"]

1. d4 d5 2. c4 c6 3. Nf3 Nf6 4. Nc3 e6 5. Bg5 h6 6. Bh4 g5 7. Bg3 dxc4 8. e4 b5 9. a3 Bb7 10. Be2 Nbd7 11. h4 g4 12. Ne5 h5 13. 0-0 Nxe5 14. Bxe5 Rg8 15. b3 Nd7 16. Bg3 cxb3 17. Qxb3 Be7 18. d5 Nc5 19. Qc2 Bxh4 20. Nxb5 Bxg3 21. Qxc5 Bb8 22. dxe6 fxe6 23. Qxh5+ Kf8 24. Qh6+ Kf7 25. Rfd1 Qc8 26. Nd6+ Bxd6 27. Rxd6 1-0

[Event "Mislata op-A 47th"]
[Site "Mislata"]
[Date "2013.08.15"]
[Round "5"]
[White "Ferreruela Romero, Jose Joaquin"]
[Black "Nieves Cabanes, Jose Manuel"]
[Result "0-1"]
[WhiteElo "2022"]
[BlackElo "2048"]
[PlyCount "100"]
[EventDate "2013.08.12"]
[EventType "swiss"]
[EventRounds "9"]
[EventCountry "ESP"]
[SourceTitle "EXT 2024"]
[Source "ChessBase"]
[SourceDate "2023.10.10"]
[SourceVersion "1"]
[SourceVersionDate "2023.10.10"]
[SourceQuality "1"]

1. d4 Nf6 2. c4 e6 3. Nc3 Bb4 4. Qc2 d5 5. a3 Bxc3+ 6. Qxc3 0-0 7. Bg5 b6 8. e3 Bb7 9. cxd5 exd5 10. Bxf6 gxf6 11. Nf3 Nd7 12. b4 c5 13. bxc5 bxc5 14. Bd3 c4 15. Bb1 Re8 16. 0-0 Nf8 17. Ra2 Qd7 18. Re1 Ng6 19. Bc2 Bc6 20. Rb2 Kh8 21. Reb1 Rg8 22. Bd1 Qd6 23. h4 Ne7 24. Qb4 Qe6 25. Nh2 Nc8 26. Qc5 Nb6 27. Rb4 Nd7 28. Qa5 Qh3 29. Bg4 Rxg4 30. Nxg4 Qxg4 31. Qc7 Qe6 32. h5 h6 33. a4 a5 34. Rb5 Bxb5 35. Rxb5 Kg7 36. Rb7 Nf8 37. Rb6 Qg4 38. f3 Qxh5 39. Qc6 Ra7 40. Qxf6+ Kg8 41. Rb8 Qg5 42. Qd6 Qxe3+ 43. Kh2 Qe7 44. Qg3+ Kh7 45. f4 Ng6 46. Kg1 Qe4 47. f5 Qxf5 48. Qd6 Re7 49. Qd8 Re1+ 50. Kh2 Qf4+ 0-1

[Event "San Sebastian op 36th"]
[Site "San Sebastian"]
[Date "2013.03.30"]
[Round "9"]
[White "Salgado Cea, Gorka"]
[Black "Ferreruela Romero, Jose Joaquin"]
[Result "1/2-1/2"]
[WhiteElo "1855"]
[BlackElo "2022"]
[PlyCount "111"]
[EventDate "2013.03.23"]
[EventType "swiss"]
[EventRounds "9"]
[EventCountry "ESP"]
[SourceTitle "CBM 153 Extra"]
[Source "ChessBase"]
[SourceDate "2013.04.22"]
[SourceVersion "1"]
[SourceVersionDate "2013.04.22"]
[SourceQuality "1"]

1. e4 e6 2. d4 b6 3. g3 Bb7 4. Bg2 f5 5. Qe2 Nf6 6. Nd2 c5 7. dxc5 Bxc5 8. Nh3 Nc6 9. c3 Ne7 10. 0-0 a5 11. Re1 0-0 12. Nf4 Ba6 13. c4 Rc8 14. b3 Nc6 15. Bb2 Nd4 16. Qd1 Ng4 17. Nd3 fxe4 18. Nxe4 Nf6 19. Ndxc5 bxc5 20. Nxc5 Rxc5 21. Qxd4 Rf5 22. Rad1 Qc7 23. Ba3 Rf7 24. Bd6 Qc8 25. Rd2 Bb7 26. Bf1 Qc6 27. f3 h5 28. Bg2 Rxf3 29. Qc5 Qxc5+ 30. Bxc5 Ne4 31. Bxf3 Rxf3 32. Rxe4 Bxe4 33. Rxd7 h4 34. Bf2 Rc3 35. Kf1 Bf3 36. Rd2 e5 37. Bc5 a4 38. Bb4 Rc1+ 39. Kf2 e4 40. Ba5 h3 41. Bb6 axb3 42. axb3 Rb1 43. Be3 Rxb3 44. Rc2 Kf7 45. c5 Ke8 46. c6 Kd8 47. c7+ Kc8 48. Bf4 Bg4 49. Bd6 Rb5 50. Bf4 g5 51. Be3 Rf5+ 52. Ke1 Rb5 53. Kd2 Rb1 54. Rc1 Rb2+ 55. Rc2 Rb5 56. Rc5 1/2-1/2

[Event "San Sebastian op 36th"]
[Site "San Sebastian"]
[Date "2013.03.24"]
[Round "3"]
[White "Diaz Herrero, Alvaro"]
[Black "Ferreruela Romero, Jose Joaquin"]
[Result "1-0"]
[WhiteElo "2160"]
[BlackElo "2022"]
[PlyCount "55"]
[EventDate "2013.03.23"]
[EventType "swiss"]
[EventRounds "9"]
[EventCountry "ESP"]
[SourceTitle "CBM 153 Extra"]
[Source "ChessBase"]
[SourceDate "2013.04.22"]
[SourceVersion "1"]
[SourceVersionDate "2013.04.22"]
[SourceQuality "1"]

1. e4 c6 2. d4 d5 3. Nd2 dxe4 4. Nxe4 Nd7 5. Ng5 Ngf6 6. Bd3 e6 7. Qe2 Bd6 8. N1f3 h6 9. Ne4 Nxe4 10. Qxe4 Qc7 11. Qg4 Kf8 12. 0-0 b6 13. b3 Nf6 14. Qh4 Bb7 15. Bb2 a5 16. a3 Rd8 17. Rfe1 Be7 18. Qh3 Nd5 19. g3 Nf6 20. Ne5 c5 21. Rad1 cxd4 22. Bg6 fxg6 23. Qxe6 Qxe5 24. Qxe5 Bd6 25. Qxd4 Bc7 26. Qxd8+ Bxd8 27. Rxd8+ Kf7 28. Bxf6 1-0

[Event "Aragon-chT Preferente A"]
[Site "Aragon"]
[Date "2012.03.17"]
[Round "7.45"]
[White "Ferreruela Romero, Jose Joaquin"]
[Black "Planas Torrea, Francisco Javier"]
[Result "1-0"]
[WhiteElo "2020"]
[BlackElo "2007"]
[PlyCount "45"]
[EventDate "2012.02.04"]
[EventType "team"]
[EventRounds "9"]
[EventCountry "ESP"]
[SourceTitle "EXT 2014"]
[Source "ChessBase"]
[SourceDate "2013.11.20"]
[SourceVersion "1"]
[SourceVersionDate "2013.11.20"]
[SourceQuality "1"]
[WhiteTeam "Calatayud"]
[BlackTeam "Ejea"]
[WhiteTeamCountry "ESP"]
[BlackTeamCountry "ESP"]

1. d4 d5 2. Nf3 Nf6 3. c4 dxc4 4. Nc3 Bg4 5. e3 e6 6. Bxc4 Nbd7 7. h3 Bh5 8. 0-0 c5 9. Re1 h6 10. d5 exd5 11. Bxd5 Nxd5 12. Qxd5 Bxf3 13. Qxf3 Rb8 14. Qg3 Qg5 15. Qf3 Qf6 16. Qe2 a6 17. e4 Nb6 18. Nd5 Qc6 19. Bf4 Rc8 20. Rad1 Nd7 21. e5 Qe6 22. Qd2 Nb8 23. Nc7+ 1-0

[Event "Aragon-chT Preferente A"]
[Site "Aragon"]
[Date "2012.03.03"]
[Round "5.49"]
[White "Ferreruela Romero, Jose Joaquin"]
[Black "Antonano Fedz Quincoces, Avelino"]
[Result "0-1"]
[WhiteElo "2020"]
[BlackElo "2127"]
[PlyCount "90"]
[EventDate "2012.02.04"]
[EventType "team"]
[EventRounds "9"]
[EventCountry "ESP"]
[SourceTitle "EXT 2014"]
[Source "ChessBase"]
[SourceDate "2013.11.20"]
[SourceVersion "1"]
[SourceVersionDate "2013.11.20"]
[SourceQuality "1"]
[WhiteTeam "Calatayud"]
[BlackTeam "St Casablanca III"]
[WhiteTeamCountry "ESP"]
[BlackTeamCountry "ESP"]

1. d4 f5 2. Nc3 Nf6 3. Bg5 e6 4. e4 fxe4 5. Nxe4 Be7 6. Bxf6 Bxf6 7. Qh5+ g6 8. Qh6 Qe7 9. Nxf6+ Qxf6 10. Nf3 Nc6 11. Bd3 d6 12. h4 Bd7 13. c3 0-0-0 14. 0-0-0 Ne7 15. Qg5 Qg7 16. Rde1 h6 17. Qg3 Rhf8 18. Re2 Rf6 19. Rhe1 Nd5 20. Bc4 Nf4 21. Re3 Rdf8 22. Qh2 Qf7 23. Nd2 Bc6 24. f3 d5 25. Bf1 g5 26. g3 Nh5 27. hxg5 hxg5 28. Rxe6 Rxe6 29. Rxe6 Qxe6 30. Qxh5 Qe1+ 31. Kc2 Qxg3 32. Qh6 Re8 33. Qh5 Ba4+ 34. b3 Bd7 35. a4 Qf4 36. Bh3 Bf5+ 37. Bxf5+ Qxf5+ 38. Kb2 Re2 39. Qh8+ Kd7 40. Qg7+ Re7 41. Qg8 b6 42. b4 Re2 43. Qg7+ Kc6 44. b5+ Kb7 45. a5 Rxd2+ 0-1